Państwa z kilkoma stolicami - Statystyki

Ogólne statystyki
  • Ten quiz został rozwiązany 57 razy
  • Średni wynik to 10 z 12
Statystyki odpowiedzi
Stolice Państwa % Poprawnych
Amsterdam,Haga Holandia
100%
Berno,Zurych Szwajcaria
96%
Podgorica,Cetynia Czarnogóra
95%
Tbilisi,Kutaisi Gruzja
93%
Sedżong,Seul Korea Południowa
91%
Kapsztad,Pretoria,Bloemfontein Republika Południowej Afryki
89%
La Paz,Sucre Boliwia
80%
Santiago,Valparaiso Chile
78%
Kuala Lumpur,Putajaya Malezja
76%
Kolombo,Kotte Sri Lanka
65%
Jamusukro,Abidżan Wybrzeże Kości Słoniowej
58%
Porto-Novo,Kotonu Benin
38%
Nie znaleziono quizów pasujących do podanych kryteriów
Rozkład punktacji
Procent ludzi z każdym wynikiem
Percentyl według liczby udzielonych odpowiedzi
Twoja historia wyników
Nie rozwiązałeś tego quizu